000 00444nam a2200157 i 4500
001 36836
003 ES-MaACL
005 20230906155442.0
007 t|
008 030219s1921 fr ||||1| fre d
100 1 _aBouvier, E. L.
_931082
245 1 0 _aHabitudes et métaamorphoses des insectes... /
_cE. L. Bouvier.
260 _aParis :
_bFlammarion,
_c1921 (
_fHemmerlé)
300 _a322 p., 1 lám. ;
_c19 cm.
852 _aES-MaACL
_jF-6425
999 _c36836
_d36836